| 000 | 00338nam a2200133Ia 4500 | ||
|---|---|---|---|
| 008 | 191201s2004 xx 000 0 und d | ||
| 082 |
_a351.0285 _bPRE |
||
| 100 | _aPRABHU, C S R | ||
| 245 | 0 | _aE Governence: Concepts and Case Studies | |
| 260 |
_aN.Delhi _bPrentice Hall _c2004 |
||
| 300 | _a247 | ||
| 650 | _aB.Tech(IT) | ||
| 942 |
_2ddc _cBK |
||
| 999 |
_c3249 _d3249 |
||